00554 2200217 4500001002100000005001500021035002500036006001800061008004100079020001800120041000700138082000800145090001400153100001700167245006300184260003400247300002500281084001400306990000800320990000800328INLIS00000000000173120230712013334 a0010-031300000001731a ||| |230712 |  a979-97784-7-6 aid a813 a813 SOP r0 aYayan Sopyan1 aROMANSA CYBER :bLIKU - LIKU HUBUNGAN ROMANTIS DI INTERNET aJakarta :bGagas Media,c2003 aviii, 176 hal, 18 cm a813 SOP r a331 a331